[Event "Mechanics' Spring TNM; G/2 d5"]
[Site "San Francisco"]
[Date "2018.04.24"]
[Round "6.20"]
[White "Pane, Gianluca"]
[Black "Simpkins, Jerry"]
[Result "1-0"]
[WhiteElo "1811"]
[BlackElo "1580"]
[PlyCount "53"]
[EventDate "2018.??.??"]
[Source "ChessBase"]
[SourceDate "2007.09.04"]

1. d4 d5 2. c4 e6 3. Nc3 f5 4. Nf3 c6 5. Bf4 Bd6 6. Bxd6 Qxd6 7. e3 Nf6 8. Qc2
Nbd7 9. Bd3 Ne4 10. O-O Ndf6 11. Ne5 O-O 12. cxd5 exd5 13. Rab1 Nd7 14. Nf3
Ndf6 15. Ne2 Ng4 16. h3 Ngf6 17. b4 h6 18. Ne5 Nd7 19. Nxd7 Bxd7 20. b5 Rae8
21. bxc6 Bxc6 22. Bb5 g5 23. Bxc6 bxc6 24. Rb7 f4 25. exf4 gxf4 26. f3 Ng3 27.
Qh7# 1-0

[Event "Mechanics' Winter TNM; G/2 d5"]
[Site "San Francisco"]
[Date "2018.02.13"]
[Round "6.21"]
[White "Pane, Gianluca"]
[Black "Standen, Julian"]
[Result "1/2-1/2"]
[WhiteElo "1811"]
[BlackElo "1600"]
[Annotator "Donaldson"]
[PlyCount "51"]
[EventDate "2018.??.??"]
[Source "ChessBase"]
[SourceDate "2007.09.04"]

1. d4 d5 2. c4 c6 3. Nf3 Nf6 4. Nc3 dxc4 5. a4 Bf5 6. e3 e6 7. Bxc4 Bb4 8. O-O
O-O 9. Qe2 Nbd7 10. Rd1 (10. e4) 10... Re8 11. e4 Bg4 12. Bb3 Rc8 13. Bd2 e5
14. d5 Nc5 15. Ba2 cxd5 16. Bxd5 Qe7 17. Ba2 Bxc3 18. Bxc3 Ncxe4 19. h3 Nxc3
20. bxc3 Be6 21. Qxe5 Bxa2 22. Qxe7 Rxe7 23. Rxa2 Rxc3 24. Rd8+ Re8 25. Rxe8+
Nxe8 26. Rd2 {Black could play on with 26...Kf8.} 1/2-1/2

[Event "Mechanics' Winter TNM; G/2 d5"]
[Site "San Francisco"]
[Date "2018.01.30"]
[Round "4.8"]
[White "Pane, Gianluca"]
[Black "Traub, Igor"]
[Result "0-1"]
[WhiteElo "1811"]
[BlackElo "2166"]
[Annotator "Donaldson"]
[PlyCount "94"]
[EventDate "2018.??.??"]
[Source "ChessBase"]
[SourceDate "2007.09.04"]

1. d4 d6 2. c4 Nf6 3. Nf3 g6 4. Nc3 Nbd7 5. Bg5 Bg7 6. e3 O-O 7. Be2 c6 8. Qc2
h6 9. Bh4 e5 10. O-O Qc7 11. Rac1 Nh5 12. dxe5 dxe5 13. Nd2 Nhf6 14. Rfd1 a5
15. a3 b6 16. b4 axb4 17. axb4 g5 18. Bg3 h5 19. h3 h4 20. Bh2 Nh7 21. b5 Bb7
22. Qf5 Nc5 23. Bf3 Rad8 24. Nde4 $4 {Diagram [#]} (24. bxc6 Bxc6 25. Nd5 $16)
24... Bc8 25. Nf6+ Bxf6 26. Qc2 cxb5 27. Ne4 Nxe4 28. Bxe4 Rxd1+ 29. Rxd1 bxc4
30. Bxh7+ Kg7 31. Bf5 b5 32. Qb1 c3 33. Rc1 Bxf5 34. Qxf5 b4 35. f4 Qc5 36. Kf2
Qc8 37. Qe4 exf4 38. exf4 Qc5+ 39. Kf3 Rd8 40. fxg5 Bxg5 41. Be5+ f6 42. Qb7+
Kh6 43. Re1 Rd3+ 44. Kg4 Qc4+ 45. Kf5 Rd5 46. g3 Qd3+ 47. Re4 Rxe5+ 0-1

[Event "Mechanics' Summer TNM; G/2 d5"]
[Site "San Francisco"]
[Date "2018.06.05"]
[Round "2.4"]
[White "Pane, Gianluca"]
[Black "Tsodikova, Natalya"]
[Result "0-1"]
[WhiteElo "1847"]
[BlackElo "2181"]
[PlyCount "76"]
[EventDate "2018.??.??"]
[Source "ChessBase"]
[SourceDate "2007.09.04"]

1. d4 Nf6 2. c4 g6 3. Nc3 Bg7 4. Nf3 O-O 5. Bg5 d6 6. e3 c5 7. d5 h6 8. Bh4 g5
9. Bg3 Nh5 10. Bd3 f5 11. Nd2 Qe8 12. Qc2 Na6 13. a3 Nc7 14. O-O-O a6 15. f4
Nxg3 16. hxg3 {[#]} b5 17. fxg5 b4 18. axb4 cxb4 19. Ne2 hxg5 20. g4 a5 21.
gxf5 a4 22. f6 Rxf6 23. Ne4 b3 24. Nxf6+ Bxf6 25. Bh7+ Kg7 26. Qd3 Na6 27. Ng3
Nc5 28. Nh5+ Qxh5 29. Rxh5 Nxd3+ 30. Bxd3 a3 31. bxa3 Rxa3 32. Rh7+ Kg8 33. Rh6
Ra1+ 34. Kd2 Ra2+ 35. Ke1 Rxg2 36. Rxf6 exf6 37. Rb1 b2 38. e4 g4 0-1

[Event "Mechanics' Summer TNM; G/2 d5"]
[Site "San Francisco"]
[Date "2018.07.10"]
[Round "7.4"]
[White "Papanek, Ella"]
[Black "Askin, Michael"]
[Result "1-0"]
[WhiteElo "1979"]
[BlackElo "1982"]
[Annotator "Winslow,E"]
[PlyCount "90"]
[EventDate "2018.??.??"]
[Source "ChessBase"]
[SourceDate "2007.09.04"]

1. d4 d5 2. c4 c6 3. Nc3 Nf6 4. Nf3 e6 5. Qc2 Bd6 (5... dxc4 $1 {Call that bluf
f! (Oops -- I was watching the Main Event of the World Series of Poker, where
electric scooter entrepreneur and Academic Chess founder Eric Hicks was chip
leader for a bit, and finished well in the money. Yo-yay Eric!)}) 6. Bg5 Nbd7
7. e3 O-O 8. Bd3 h6 9. Bh4 dxc4 10. Bxc4 Qc7 11. Rc1 $146 ({Predecessor:} 11.
O-O Be7 12. Rac1 Re8 13. e4 e5 14. Qb3 Rf8 15. Bg3 Bd6 16. Nb5 Nc5 17. Nxc7
Nxb3 18. Nxa8 Nxc1 19. dxe5 Bg4 20. exd6 b5 21. Rxc1 bxc4 22. Nc7 Nxe4 23. Rxc4
f5 24. Ne6 Re8 25. d7 {
1-0 (25) Cruz,W (2242)-Teixeira,A (1800) Sao Bento do Sul 2015}) 11... e5 12.
Ne4 Nxe4 13. Qxe4 Qa5+ (13... Kh8 $15 {right away}) 14. Kf1 Kh8 15. g4 {[#]} (
15. Bg3) 15... exd4 $2 (15... f5 $3 16. gxf5 $2 Nc5 $3) 16. g5 (16. Bd3 f5 17.
Qxd4) (16. Qxd4 $11) 16... Ne5 (16... hxg5 17. Nxg5 Nf6 $11 18. Qxd4 Be7) 17.
gxh6 $8 $14 Bh3+ 18. Ke2 Bg2 $2 (18... Rfe8 $1 19. hxg7+ Kg8 $14 20. Nxe5 (20.
Ng5 d3+ $1 21. Bxd3 $8 Ng6 22. Qc4 Be6 23. Qd4 Be5) 20... Qxe5 21. Qxe5 Bxe5)
19. hxg7+ Kg8 (19... Kxg7 20. Rhg1) 20. gxf8=Q+ Kxf8 21. Qh7 (21. Qxd4 $18)
21... Bxf3+ (21... d3+ 22. Bxd3 Bxf3+ 23. Kf1 Ke8 24. Qh8+ Bf8 25. Rg1) 22. Kf1
Ke8 23. exd4 $4 (23. Rg1 $1) (23. Qh8+ Kd7 24. Qxa8 Bxh1 25. Qxb7+ $18) 23...
Nxc4 $15 24. Re1+ Be5 $4 (24... Qxe1+ $1 25. Kxe1 Bxh1 (25... Bb4+ 26. Kf1 Bxh1
27. b3 $8 Nb6 28. Qg8+ Bf8 29. Qg3 Bd5 30. Qc7 c5 31. dxc5 Nd7 32. Qg3 (32. b4
$6 a5) 32... Bxc5 $11) 26. b3 (26. Bg3 Bf8 27. b3 $11) 26... Nb6 27. Qg8+ Bf8
28. Qg3 Bd5) 25. Qg8+ Kd7 26. Qxf7+ Kc8 27. Qxc4 $18 Bxh1 28. Rxe5 $6 (28. Qg8+
Kc7 29. Qxa8 $18 {is a crush}) 28... Bd5 29. Qc3 $6 (29. Qc5 {
is a better version}) 29... Qb5+ $2 (29... Qxc3 30. bxc3 Kd7 (30... b6) (30...
b5)) 30. Ke1 (30. Kg1 $1 Kc7 31. a4 $1 Qc4 32. Qxc4) 30... Kc7 31. a4 $1 Qc4
32. Qxc4 Bxc4 33. Bg3 Kb6 34. Kd2 Rd8 35. Kc3 Bd5 36. b4 a5 37. Re7 (37. f4 $1)
37... axb4+ 38. Kxb4 Rf8 39. Bc7+ Ka6 40. f4 Rf7 41. Rxf7 Bxf7 42. f5 b6 43. a5
bxa5+ 44. Bxa5 Kb7 45. Kc5 Bd5 {...} 1-0

[Event "Mechanics' Summer TNM; G/2 d/5"]
[Site "San Francisco"]
[Date "2018.06.12"]
[Round "3.11"]
[White "Papanek, Ella"]
[Black "Karp, Richard"]
[Result "1-0"]
[WhiteElo "1979"]
[BlackElo "1761"]
[Annotator "Winslow,Elliott"]
[PlyCount "111"]
[EventDate "2018.??.??"]
[Source "ChessBase"]
[SourceDate "2007.09.04"]

1. d4 Nf6 2. c4 e6 3. Nc3 Bb4 4. f3 d5 5. cxd5 Bxc3+ $2 {
You can always take after a3} 6. bxc3 exd5 7. Qc2 O-O 8. e3 c5 9. Ne2 Nc6 10.
Ng3 Re8 11. Be2 Qa5 12. O-O Bd7 13. Rb1 Rab8 14. Bd2 Qc7 15. e4 dxe4 16. fxe4
cxd4 17. cxd4 Rbc8 $2 (17... Qd6 18. d5 Nd4 19. Qd3 Nxe2+ 20. Qxe2 Nxe4 $1 21.
Nxe4 Qxd5 22. Nf6+ $11) 18. Bf4 Qa5 19. Qd3 Nb4 20. Bd2 Nxd3 21. Bxa5 b6 {[#]}
22. Bxb6 (22. Bxd3 bxa5 23. Rb7) 22... axb6 23. Bxd3 Rc3 24. Rb3 Rxd3 (24...
Rxb3 25. axb3 Ra8 26. Rc1 Kf8) 25. Rxd3 Bb5 26. Rxf6 Bxd3 27. Rxb6 g6 (27...
Kf8) 28. e5 Ra8 (28... Rd8 29. Kf2 Bc4 30. Ke3 (30. a4 Rxd4 31. Rb4 Rd2+ 32.
Ke1)) 29. Kf2 $6 (29. d5 $18) 29... Rxa2+ 30. Kf3 Bc4 31. Rd6 $16 Kf8 32. h4
Ra5 33. Ne4 (33. Kf4) 33... Bd5 34. Kf4 Bxe4 35. Kxe4 Ra2 36. g3 Rg2 37. Kf4 h6
38. h5 g5+ 39. Kf3 Rd2 40. Rd8+ Ke7 41. Rd6 Kf8 42. Rxh6 Rxd4 43. Rd6 (43. e6
$1 fxe6 (43... g4+ 44. Ke3) 44. Rg6 (44. Rf6+ Ke7 45. Rg6)) 43... Ra4 44. Ke3
$2 (44. Rf6 Kg7 45. g4) 44... Kg7 $11 45. Rd4 Ra3+ 46. Rd3 Ra4 47. Kf3 Kh6 (
47... g4+) 48. g4 Rf4+ 49. Kg3 Re4 50. Rf3 Rxe5 $4 (50... Kg7) 51. Rxf7 $18 Ra5
52. Rf6+ Kg7 53. Rd6 $2 (53. Rf5 Ra3+ 54. Kf2 Ra2+ 55. Ke3 Ra3+ 56. Kd2) 53...
Rb5 $2 (53... Re5) 54. Kf3 $2 (54. Kf2 $3 Re5 55. Rd3 Rb5 56. Rf3 Rb4 57. Kg3
Rc4 58. Rf5 $18 {I'm tired, I don't get it entirely.}) 54... Rb4 $2 $18 (54...
Re5) 55. Rg6+ Kh7 56. Rxg5 1-0

[Event "Mechanics' Summer TNM; G/2 d/5"]
[Site "San Francisco"]
[Date "2018.06.17"]
[Round "8.3"]
[White "Papanek, Ella"]
[Black "Tsodikova, Natalya"]
[Result "0-1"]
[WhiteElo "1979"]
[BlackElo "2181"]
[Annotator "Winslow,Elliott"]
[PlyCount "112"]
[EventDate "2018.??.??"]
[Source "ChessBase"]
[SourceDate "2007.09.04"]

1. d4 Nf6 2. c4 g6 3. Nc3 Bg7 4. e4 d6 5. Nge2 O-O 6. f3 (6. Ng3) 6... Nc6 (
6... c5) 7. Be3 (7. Bg5) 7... a6 8. Ng3 (8. Qd2) (8. Nc1) 8... h5 9. Be2 Re8 (
9... e5 10. d5 Nd4) 10. O-O e5 11. d5 Nd4 12. b4 h4 13. Nh1 Nh5 14. Qd2 a5 15.
b5 f5 16. exf5 Nxf5 17. Bg5 Bf6 18. Bxf6 Qxf6 19. Ne4 Qe7 20. Nhf2 Nf4 21. Bd1
Kg7 22. g3 hxg3 23. hxg3 {[#]} Nxg3 24. Nxg3 Qh4 25. Nfe4 Rh8 26. Kf2 Bf5 27.
Rh1 Nh3+ 28. Kf1 Raf8 29. Nxf5+ Rxf5 30. Nf2 Qg3 31. Rxh3 Rxh3 32. Nxh3 Qxh3+
33. Qg2 Qh4 34. Rc1 Rg5 35. Qf2 Qh1+ 36. Ke2 Rg2 37. Ke3 Qh6+ 38. Ke2 Rxf2+ 39.
Kxf2 Qxc1 40. Be2 Qc2 41. a3 Qb3 42. Kg3 e4 43. c5 Qxd5 44. b6 Qxc5 45. bxc7
Qxc7 46. a4 d5+ 47. f4 d4 48. Kg4 Qd7+ 49. Kh4 Qxa4 50. f5 gxf5 51. Kg5 d3 52.
Bh5 d2 53. Be2 d1=Q 54. Bh5 Qxh5+ 55. Kxh5 Qd1+ 56. Kg5 Qg4# 0-1

[Event "Mechanics' Summer TNM; G/2 d5"]
[Site "San Francisco"]
[Date "2018.06.26"]
[Round "5.3"]
[White "Papanek, Ella"]
[Black "Wonsever, James"]
[Result "1-0"]
[WhiteElo "1979"]
[BlackElo "1872"]
[PlyCount "61"]
[EventDate "2018.??.??"]
[Source "ChessBase"]
[SourceDate "2007.09.04"]

1. d4 d5 2. c4 c6 3. Nc3 e6 4. Nf3 Nf6 5. e3 Nbd7 6. Qc2 Bd6 7. b3 Qe7 8. Bd3
b6 9. O-O O-O 10. Re1 dxc4 11. bxc4 a6 12. a4 Re8 13. Rb1 Rb8 14. Bb2 c5 15. d5
Ne5 16. Nxe5 Bxe5 17. f4 Bc7 18. Qf2 e5 19. Ne4 Nxe4 20. Bxe4 f5 21. Bf3 e4 22.
Bh5 Rf8 23. Qg3 b5 $2 24. axb5 axb5 25. cxb5 Rxb5 $2 26. Bxg7 Qxg7 27. Qxg7+
Kxg7 28. Rxb5 Bd6 29. Ra1 Kf6 30. Rb6 Rd8 31. Ra7 1-0

[Event "Mechanics' Winter TNM; G/2 d5"]
[Site "San Francisco"]
[Date "2018.02.27"]
[Round "8.2"]
[White "Perepelitsky, Phil"]
[Black "Chambers, Ezra Paul"]
[Result "0-1"]
[WhiteElo "2166"]
[BlackElo "2258"]
[Annotator "Donaldson"]
[PlyCount "56"]
[EventDate "2018.??.??"]
[Source "ChessBase"]
[SourceDate "2007.09.04"]

1. d4 d6 (1... Nf6 2. c4 g6 3. Nc3 Bg7 4. e4 d6 5. Nf3 O-O 6. Be2 Bg4 7. O-O
Nc6 8. d5 Nb8 {
is a more common way to reach the game position after Black's eighth move.}) 2.
Nf3 Nc6 3. d5 Nb8 4. c4 Nf6 5. Nc3 g6 6. e4 Bg7 7. Be2 O-O 8. O-O Bg4 9. Ne1
Bxe2 10. Qxe2 c6 11. Nf3 a5 12. Be3 a4 13. Rfd1 Qa5 14. Rac1 Nbd7 15. Nd4 Rfc8
16. f3 Nc5 17. Qd2 Qb4 18. Nce2 Qxd2 19. Rxd2 (19. Bxd2) 19... Nfd7 20. Nf4 Ne5
21. Kf1 Bh6 22. Ke2 Na6 {Diagram [#]} 23. dxc6 bxc6 24. Nd3 Nxd3 25. Rxd3 Bg7
26. Rd2 Nb4 27. b3 axb3 28. axb3 Ra3 {
and Black went on to win. Remaining moves unavailable.} 0-1

[Event "Mechanics' Winter TNM; G/2 d5"]
[Site "San Francisco"]
[Date "2018.01.16"]
[Round "2.10"]
[White "Perepelitsky, Phil"]
[Black "Delgado, David Ale"]
[Result "1-0"]
[WhiteElo "2166"]
[BlackElo "1706"]
[Annotator "Donaldson"]
[PlyCount "55"]
[EventDate "2018.??.??"]
[Source "ChessBase"]
[SourceDate "2007.09.04"]

1. d4 d5 2. c4 e6 3. Nc3 Nf6 4. cxd5 exd5 5. Bg5 Be7 6. e3 Bf5 $2 (6... c6) (
6... Nbd7) 7. Bxf6 Bxf6 {Diagram [#]} 8. Qb3 b6 $2 (8... Nd7 9. Nxd5 O-O {
was a better try to generate some compensation for the pawn.}) 9. Qxd5 Qxd5 10.
Nxd5 Bd8 11. Rc1 c6 12. Nf4 g5 13. Nd3 f6 14. Nf3 Be7 15. Be2 a5 16. O-O Bd7
17. Nd2 O-O 18. Nc4 Bd8 19. e4 b5 20. Ne3 Na6 21. Rfd1 Bb6 22. Nc5 Be8 23. Ne6
Rf7 24. Nf5 Rb7 25. d5 c5 26. Nd6 Rbb8 27. Nxe8 Rxe8 28. Bxb5 1-0

[Event "Mechanics' Winter TNM; G/2 d5"]
[Site "San Francisco"]
[Date "2018.02.20"]
[Round "7.5"]
[White "Perepelitsky, Phil"]
[Black "Gaffagan, Steven"]
[Result "1-0"]
[WhiteElo "2166"]
[BlackElo "2089"]
[PlyCount "63"]
[EventDate "2018.??.??"]
[Source "ChessBase"]
[SourceDate "2007.09.04"]

1. d4 Nf6 2. c4 g6 3. Nc3 d5 4. cxd5 Nxd5 5. e4 Nxc3 6. bxc3 Bg7 7. Bc4 c5 8.
Ne2 Nc6 9. Be3 O-O 10. O-O Bg4 11. f3 Na5 12. Bd3 cxd4 13. cxd4 Bd7 14. Qd2 b6
15. Rac1 Rc8 16. d5 e6 17. Ba6 Rxc1 18. Rxc1 exd5 19. Bg5 Qb8 20. Nc3 d4 21.
Nd5 Qe5 22. Rc7 Be6 23. Bf4 Qh5 24. g4 Bxg4 25. fxg4 Qxg4+ 26. Qg2 Qd1+ 27. Qf1
Qg4+ 28. Kh1 Qe6 29. Re7 Qc6 30. Rc7 Qa4 31. Bd6 Qe8 32. Bd3 1-0

[Event "Mechanics' Winter TNM; G/2 d5"]
[Site "San Francisco"]
[Date "2018.02.06"]
[Round "5.2"]
[White "Perepelitsky, Phil"]
[Black "Stearman, Josiah P"]
[Result "0-1"]
[WhiteElo "2166"]
[BlackElo "2362"]
[PlyCount "94"]
[EventDate "2018.??.??"]
[Source "ChessBase"]
[SourceDate "2007.09.04"]

1. d4 d5 2. c4 c6 3. Nf3 Nf6 4. Nc3 dxc4 5. a4 Bf5 6. e3 e6 7. Bxc4 Bb4 8. O-O
O-O 9. Qe2 Bg6 10. Ne5 Nbd7 11. Nxg6 hxg6 12. Rd1 Qa5 13. Bd2 Rfd8 14. Na2 Bxd2
15. Qxd2 Qxd2 16. Rxd2 Nb6 17. Bb3 a5 18. Rc2 Nfd7 19. Nc3 Nd5 20. Bxd5 exd5
21. Ne2 Nb6 22. b3 Nc8 23. Nf4 Nd6 24. Nd3 Ra6 25. Nc5 Rb6 26. Kf1 f5 27. Rc3
Kf7 28. Nd3 Ne4 29. Ne5+ Kf6 30. Rd3 Rb4 31. f3 Nc5 32. dxc5 Kxe5 33. Ke2 g5
34. Rad1 Re8 35. Kd2 Kf6 36. Kc3 Re7 37. Kd2 g6 38. Rb1 Rh7 39. h3 Re7 40. Rd4
f4 41. Rxb4 fxe3+ 42. Kd3 axb4 43. Re1 Kf5 44. Rxe3 Rxe3+ 45. Kxe3 Ke5 46. Kd3
Kf4 47. a5 Kg3 0-1

[Event "Mechanics' Bedjanian TNM; G/2 d/5"]
[Site "San Francisco"]
[Date "2018.12.11"]
[Round "8.12"]
[White "Perlov, Alexander"]
[Black "Argo, Guy"]
[Result "0-1"]
[WhiteElo "1689"]
[BlackElo "1912"]
[PlyCount "44"]
[EventDate "2018.??.??"]
[Source "ChessBase"]
[SourceDate "2007.09.04"]

1. d4 f5 2. Nc3 d5 3. Nh3 e6 4. g3 c5 5. e3 Nf6 6. Bg2 Nc6 7. O-O b6 8. b3 Ba6
9. Re1 Rc8 10. Bb2 Bd6 11. Nf4 Qe7 12. dxc5 bxc5 13. Rc1 O-O 14. h4 Rfd8 15.
Qf3 {[#]} d4 16. exd4 Nxd4 17. Qe3 Ng4 18. Qd2 Bxf4 19. Qxf4 e5 20. Nd5 Qf7 21.
Rxe5 Nxe5 22. Bxd4 Ng6 0-1

[Event "Mechanics' Spring TNM; G/2 d5"]
[Site "San Francisco"]
[Date "2018.04.03"]
[Round "3.29"]
[White "Perlov, Alexander"]
[Black "Cendejas, Juan Rod"]
[Result "1-0"]
[WhiteElo "1474"]
[BlackElo "1716"]
[PlyCount "65"]
[EventDate "2018.??.??"]
[Source "ChessBase"]
[SourceDate "2007.09.04"]

1. d4 c6 2. Nf3 d6 3. c4 Nf6 4. Nc3 Bf5 5. Qb3 Qc7 6. Bf4 Nh5 7. Bd2 Nd7 8. e4
Bg6 9. Bd3 f6 10. O-O Bf7 11. g4 g6 12. gxh5 Rg8 13. Kh1 Be6 14. Rg1 g5 15. e5
Rh8 16. Rae1 O-O-O 17. exf6 g4 18. fxe7 gxf3 19. exd8=Q+ Qxd8 20. Rxe6 Qh4 21.
Re8+ Kc7 22. Be3 Qxh5 23. Ne4 Qxe8 24. Qd1 Qh5 25. Rg3 d5 26. Bf4+ Kc8 27. cxd5
Bh6 28. Bxh6 Qxh6 29. dxc6 bxc6 30. Qxf3 Qc1+ 31. Kg2 Qxb2 32. Nc5 Rf8 33.
Qxc6+ 1-0

[Event "Mechanics' Spring TNM; G/2 d5"]
[Site "San Francisco"]
[Date "2018.04.17"]
[Round "5.33"]
[White "Perlov, Alexander"]
[Black "Chan, John"]
[Result "1-0"]
[WhiteElo "1474"]
[BlackElo "1663"]
[PlyCount "111"]
[EventDate "2018.??.??"]
[Source "ChessBase"]
[SourceDate "2007.09.04"]

1. d4 Nf6 2. c4 c6 3. Nf3 d6 4. Qc2 g6 5. Nc3 Bg7 6. e4 Nbd7 7. Be2 O-O 8. O-O
e5 9. Rd1 Qc7 10. dxe5 dxe5 11. h3 Re8 12. Be3 Nh5 13. Rac1 Ndf6 14. b4 Be6 15.
Ng5 Bc8 16. c5 h6 17. Nf3 Be6 18. b5 Nd7 19. a4 Rac8 20. Qd2 Kh7 21. Qb2 Bf8
22. b6 axb6 23. cxb6 Qb8 24. a5 Nf4 25. Bf1 Rcd8 26. Na4 Bg7 27. Nc5 Nxc5 28.
Bxc5 Qc8 29. Bd6 Bxh3 30. gxh3 Nxh3+ 31. Bxh3 Qxh3 32. Qe2 Qg4+ 33. Kf1 Qh3+
34. Kg1 Qg4+ 35. Kh2 Qh5+ 36. Kg3 f5 37. Kg2 Qg4+ 38. Kh2 Qh5+ 39. Kg1 Qg4+ 40.
Kf1 fxe4 41. Ng1 Qf5 42. Bc7 Rd3 43. a6 bxa6 44. b7 Rb3 45. Rb1 Rxb7 46. Rxb7
Re7 47. Ra7 h5 48. Bb6 Re8 49. Rdd7 Rg8 50. Rf7 Qe6 51. Qxe4 Qb3 52. Qxe5 Qc4+
53. Kg2 Qg4+ 54. Qg3 Qe4+ 55. Nf3 Qd5 56. Bd4 1-0

[Event "Mechanics' Summer TNM; G/2 d/5"]
[Site "San Francisco"]
[Date "2018.06.17"]
[Round "8.15"]
[White "Perlov, Alexander"]
[Black "Chen, Mingson"]
[Result "1/2-1/2"]
[WhiteElo "1662"]
[BlackElo "1903"]
[PlyCount "91"]
[EventDate "2018.??.??"]
[Source "ChessBase"]
[SourceDate "2007.09.04"]

1. d4 d5 2. c4 dxc4 3. e3 Nf6 4. Bxc4 e6 5. Nf3 c5 6. O-O a6 7. a4 Nc6 8. Nc3
cxd4 9. exd4 Be7 10. Bf4 Nb4 11. Re1 O-O 12. Rc1 Nbd5 13. Bg3 Nxc3 14. bxc3 Bd7
15. Ne5 Rc8 16. Qb3 b5 17. axb5 Bxb5 18. Bxb5 axb5 19. Qxb5 Rb8 20. Qd3 Rb6 21.
Rb1 Rxb1 22. Rxb1 Qa8 23. Nc4 Rd8 24. Bc7 Re8 25. Nb6 Qc6 26. Be5 Nd5 27. Nxd5
exd5 28. Qb5 Qxb5 29. Rxb5 f6 30. Rb8 Bd8 31. f4 fxe5 32. fxe5 Kf7 33. Kf1 Ba5
34. Rb5 Bxc3 35. Rxd5 Ke7 36. Ke2 Rd8 37. Rxd8 Kxd8 38. Kd3 Bb2 39. Ke4 Ke7 40.
h4 g6 41. g4 Bc3 42. Kd5 h5 43. gxh5 gxh5 44. Ke4 Be1 45. Kf5 Bxh4 46. Kg6
1/2-1/2

[Event "Mechanics' Summer TNM; G/2 d/5"]
[Site "San Francisco"]
[Date "2018.06.05"]
[Round "2.36"]
[White "Perlov, Alexander"]
[Black "Cole, Tony"]
[Result "1-0"]
[WhiteElo "1662"]
[BlackElo "1400"]
[PlyCount "63"]
[EventDate "2018.??.??"]
[Source "ChessBase"]
[SourceDate "2007.09.04"]

1. d4 d5 2. c4 Bf5 3. Qb3 Nc6 4. Nf3 Na5 5. Qa4+ c6 6. cxd5 Qxd5 7. Nc3 Qd8 8.
e4 Bd7 9. Ne5 b5 10. Qc2 f6 11. Nf3 Bg4 12. Be3 e6 13. Nd2 Bb4 14. Bd3 Ne7 15.
O-O O-O 16. a3 Bd6 17. e5 fxe5 18. dxe5 Bxe5 19. Bxh7+ Kh8 20. Qe4 Nd5 21. Qxg4
Kxh7 22. Qh5+ Kg8 23. Qxe5 Qh4 24. Qxe6+ Kh8 25. Nxd5 cxd5 26. Nf3 Qh5 27. Rad1
Rad8 28. Ng5 d4 29. Bc1 Rde8 30. Qh3 g6 31. Rxd4 Nc6 32. Rh4 1-0

[Event "Mechanics' Spring TNM; G/2 d5"]
[Site "San Francisco"]
[Date "2018.03.20"]
[Round "1.14"]
[White "Perlov, Alexander"]
[Black "Lewis, Edward Mich"]
[Result "0-1"]
[WhiteElo "1474"]
[BlackElo "1983"]
[PlyCount "66"]
[EventDate "2018.??.??"]
[Source "ChessBase"]
[SourceDate "2007.09.04"]

1. d4 Nf6 2. c4 g6 3. Nf3 Bg7 4. Nc3 O-O 5. Bg5 h6 6. Bh4 d6 7. e3 c5 8. Qc2
cxd4 9. exd4 Bg4 10. Be2 Nc6 11. Rd1 Rc8 12. a3 Bf5 13. Bd3 Bxd3 14. Rxd3 g5
15. Bg3 d5 16. c5 Ne4 17. b4 a6 18. Ne2 e6 19. Ne5 Ne7 20. h4 Nf5 21. hxg5 hxg5
22. Qd1 Qe8 23. Nc3 f6 24. Ng4 Qg6 25. Nxe4 dxe4 26. Rb3 Rfd8 27. Ne3 Nxd4 28.
Qb1 f5 29. Nc4 f4 30. Bh2 Nxb3 31. Qxb3 Rd3 32. Qa2 Bc3+ 33. Kf1 Rd1+ 0-1

[Event "Mechanics' Spring TNM; G/2 d5"]
[Site "San Francisco"]
[Date "2018.05.01"]
[Round "7.13"]
[White "Perlov, Alexander"]
[Black "Melville, Cailen"]
[Result "0-1"]
[WhiteElo "1474"]
[BlackElo "1924"]
[PlyCount "72"]
[EventDate "2018.??.??"]
[Source "ChessBase"]
[SourceDate "2007.09.04"]

1. d4 e6 2. c4 b6 3. a3 f5 4. Nc3 Bb7 5. d5 Na6 6. g3 Nf6 7. Bg2 Nc5 8. Nh3 Bd6
9. O-O Be5 10. Bd2 Qe7 11. Ng5 Bxc3 12. Bxc3 Nxd5 13. cxd5 Qxg5 14. dxe6 O-O-O
15. Bxb7+ Kxb7 16. exd7 Rxd7 17. Qc2 Ne4 18. Rac1 Rhd8 19. Be5 Qe7 20. Qc6+ Kb8
21. Bc3 Nxc3 22. Rxc3 Qxe2 23. Rc2 Qe7 24. a4 a5 25. Qf3 Qe4 26. Qxe4 fxe4 27.
Rc4 Rd4 28. Rfc1 c5 29. Kf1 Kc7 30. R1c2 Kd6 31. Ke2 Rf8 32. R2c3 Kd5 33. b3
Rf6 34. Rc2 Rf3 35. R2c3 Rdd3 36. Rxd3+ Rxd3 0-1

[Event "Mechanics' Bedjanian TNM; G/2 d/5"]
[Site "San Francisco"]
[Date "2018.11.20"]
[Round "5.21"]
[White "Perlov, Alexander"]
[Black "Morgan, Jerry"]
[Result "1-0"]
[WhiteElo "1689"]
[BlackElo "1481"]
[PlyCount "95"]
[EventDate "2018.??.??"]
[Source "ChessBase"]
[SourceDate "2007.09.04"]

1. d4 d5 2. c4 c6 3. Nf3 Nf6 4. Qc2 g6 5. g3 Bf5 6. Qb3 Qc8 7. Bg2 Nbd7 8. Nc3
dxc4 9. Qxc4 Nb6 10. Qb3 Bg7 11. O-O Be6 12. Qd1 Bh3 13. e4 Bxg2 14. Kxg2 O-O
15. h3 Rd8 16. Qe2 Nfd7 17. a4 a5 18. Be3 Qc7 19. Rac1 e5 20. d5 cxd5 21. Nxd5
Qd6 22. Rfd1 Nxd5 23. Rxd5 Qb4 24. Rc4 Qf8 25. Rc7 Nb8 26. Qc4 Nc6 27. Rxb7
Rxd5 28. Qxd5 Qe8 29. Ng5 Nd8 30. Rd7 Rb8 31. Ba7 Rc8 32. Bb6 Bf6 33. Bxd8 Rxd8
34. Rxd8 Bxd8 35. Nxf7 Qxf7 36. Qxd8+ Kg7 37. Qd5 Qc7 38. Qe6 Qc5 39. Qd5 Qd4
40. Qxd4 exd4 41. f4 Kf6 42. Kf2 Ke6 43. Ke2 Kd6 44. Kd3 Kc5 45. e5 Kd5 46. g4
h6 47. e6 Kxe6 48. Kxd4 1-0

[Event "Mechanics' Bedjanian TNM; G/2 d/5"]
[Site "San Francisco"]
[Date "2018.10.23"]
[Round "1.33"]
[White "Perlov, Alexander"]
[Black "Nassif, Wassim"]
[Result "1-0"]
[WhiteElo "1689"]
[BlackElo "1127"]
[PlyCount "31"]
[EventDate "2018.??.??"]
[Source "ChessBase"]
[SourceDate "2007.09.04"]

1. d4 d5 2. c4 e5 3. dxe5 d4 4. Nf3 Nc6 5. g3 Be6 6. Qa4 Bc5 7. a3 Nge7 8. b4
Bxc4 9. bxc5 Bd5 10. Bg2 O-O 11. O-O Ng6 12. Bg5 Qd7 13. Nbd2 Ngxe5 14. Nxe5
Nxe5 15. Qxd7 Nxd7 16. Bxd5 {and White went on to win.} 1-0

[Event "Mechanics' Summer TNM; G/2 d/5"]
[Site "San Francisco"]
[Date "2018.07.10"]
[Round "7.23"]
[White "Perlov, Alexander"]
[Black "Robeal, Rafik"]
[Result "1-0"]
[WhiteElo "1662"]
[BlackElo "1673"]
[PlyCount "101"]
[EventDate "2018.??.??"]
[Source "ChessBase"]
[SourceDate "2007.09.04"]

1. d4 d5 2. c4 c6 3. Nf3 Nf6 4. g3 Bf5 5. Nc3 dxc4 6. Bg2 e6 7. Ne5 Nbd7 8.
Nxc4 Be7 9. e4 Bg6 10. O-O Nb6 11. Ne5 c5 12. Nxg6 hxg6 13. d5 exd5 14. exd5
Qd7 15. Re1 Kf8 16. Bf4 Ne8 17. a4 Nc4 18. Qc2 g5 19. Bc1 Ncd6 20. Be3 b6 21.
Rad1 Rd8 22. b3 Nf5 23. Ne4 Nxe3 24. Rxe3 Qf5 25. Rf3 Qh7 26. h3 Nd6 27. Re3
Nf5 28. d6 Nxe3 29. dxe7+ Kxe7 30. fxe3 Rde8 31. Qc3 Qf5 32. Rf1 Qg6 33. Qe5+
Kf8 34. Qxg5 Qe6 35. Qf4 Rh6 36. Ng5 Qxe3+ 37. Qxe3 Rxe3 38. Rxf7+ Ke8 39. Kf2
Rxb3 40. Rxa7 Rf6+ 41. Kg1 Rxg3 42. Ne4 Rxg2+ 43. Kxg2 Rg6+ 44. Kf3 Kf8 45. Kf4
Rh6 46. Kg4 Kg8 47. Rc7 Rg6+ 48. Kf5 Rh6 49. Ng5 Rf6+ 50. Ke5 Kf8 51. Nh7+ 1-0